Effective teaching and learning of writing : current trends in research

Saved in:
Bibliographic Details
Main Author: Rijlaarsdam, Gert
Other Authors: Bergh, Huub van der, Couzijn, Michel
Format: Book
Language:English
Published: Leiden : Amsterdam University Press, 1996
Subjects:
Tags: Add Tag
No Tags, Be the first to tag this record!

MARC

LEADER 00000nam a2200000 i 4500
001 1/91997
008 991108s1996 eng d
020 |a 90-5356-198-6 
035 |l 10053858 
040 |a GR-MY-UA  |b gre  |e aacr 
041 0 |a eng 
082 0 |a 808.007 
100 1 |a Rijlaarsdam, Gert. 
245 1 0 |a Effective teaching and learning of writing :  |b current trends in research /  |c Gert Rijlaarsdam, Huub van den Bergh, Michel Couzijn 
260 |a Leiden :   |b Amsterdam University Press,   |c 1996 
300 |a 388 p. 
650 0 0 |a Composition (Language arts)  |x Study and teaching. 
650 0 0 |a Written communication  |x Study and teaching. 
650 0 0 |a Discourse analysis  |x Study and teaching. 
650 0 0 |a Report writing  |x Study and teaching. 
650 0 0 |a Rhetoric  |x Study and teaching. 
700 1 |a Bergh, Huub van der. 
700 1 |a Couzijn, Michel. 
852 |a INST  |b RHODES  |e 19991108  |h 808.007 RIJ  |p 005400014462  |q 005400014462  |t BK  |y 0 
901 |a BIBL4-1999-3 
909 |a Ρ  |b 066588 
922 |a 4ΕΛΗ  |b 199907  |c ΚΠΣ/154  |d LEADER BOOKS 
970 |a ΚΟΥΛΑΚΙΟΤΗ  |b ΛΙΤΣΑ  |z 1999/11/08